000 01107cam a2200301 a 4500
001 2843883
003 OSt
005 20230620160526.0
008 840521s1984 nyu b 101 0 eng
010 _a 8471447
040 _aDLC
_cDLC
_dDLC
043 _ae-ur---
082 0 0 _a324
100 _cErik P. Hoffmann
245 0 4 _aThe Soviet Union in the 1980s /
_cedited by Erik P. Hoffmann.
260 _aNew York :
_bAcademy of Political Science,
_c1984.
300 _axii, 244 p. ;
_c23 cm.
440 0 _aProceedings of the Academy of Political Science,
_x0065-0684 ;
_vv. 35, no. 3
504 _aIncludes bibliographies and index.
651 0 _aSoviet Union
_xPolitics and government
_y1945-1991
_xCongresses.
651 0 _aSoviet Union
_xSocial conditions
_y1970-1991
_xCongresses.
651 0 _aSoviet Union
_xEconomic conditions
_y1975-1985
_xCongresses.
651 0 _aSoviet Union
_xMilitary policy
_xCongresses.
651 0 _aSoviet Union
_xForeign relations
_y1975-1985
_xCongresses.
700 1 _aHoffmann, Erik P.,
_d1939-
906 _a7
_bcbc
_corignew
_d2
_eopcn
_f19
_gy-gencatlg
942 _2ddc
_cBK
999 _c1901
_d1901